Was ist Psychotherapie?
Gespeichert in:
| Hauptverfasser: | , , |
|---|---|
| Dokumenttyp: | Kapitel/Artikel |
| Sprache: | Deutsch |
| Veröffentlicht: |
2017
|
| In: |
Psychotherapie
Year: 2017, Pages: 27-45 |
| Online-Zugang: |
|
| Verfasserangaben: | Franz Caspar, Sabine C. Herpertz und Klaus Lieb |
MARC
| LEADER | 00000caa a2200000 c 4500 | ||
|---|---|---|---|
| 001 | 879924721 | ||
| 003 | DE-627 | ||
| 005 | 20220810041618.0 | ||
| 007 | tu | ||
| 008 | 170213s2017 xx ||||| 00| ||ger c | ||
| 035 | |a (DE-627)879924721 | ||
| 035 | |a (DE-576)987992472X | ||
| 035 | |a (DE-599)GBV879924721 | ||
| 035 | |a (OCoLC)1340370258 | ||
| 040 | |a DE-627 |b ger |c DE-627 |e rda | ||
| 041 | |a ger | ||
| 084 | |a 11 |2 sdnb | ||
| 100 | 1 | |a Caspar, Franz |d 1953- |e VerfasserIn |0 (DE-588)13360344X |0 (DE-627)549560114 |0 (DE-576)299964353 |4 aut | |
| 245 | 1 | 0 | |a Was ist Psychotherapie? |c Franz Caspar, Sabine C. Herpertz und Klaus Lieb |
| 264 | 1 | |c 2017 | |
| 300 | |a 19 | ||
| 336 | |a Text |b txt |2 rdacontent | ||
| 337 | |a ohne Hilfsmittel zu benutzen |b n |2 rdamedia | ||
| 338 | |a Band |b nc |2 rdacarrier | ||
| 500 | |a Literaturangaben | ||
| 700 | 1 | |a Herpertz, Sabine |d 1960- |e VerfasserIn |0 (DE-588)132328526 |0 (DE-627)520581113 |0 (DE-576)182985261 |4 aut | |
| 700 | 1 | |a Lieb, Klaus |d 1965- |e VerfasserIn |0 (DE-588)106065378 |0 (DE-627)597664331 |0 (DE-576)161986897 |4 aut | |
| 773 | 0 | 8 | |i Enthalten in |t Psychotherapie |b 1. Auflage |d München : Elsevier, 2017 |g (2017), Seite 27-45 |h XIX, 698 Seiten |w (DE-627)859106160 |w (DE-576)476444160 |z 9783437237317 |z 3437237314 |7 nnam |a Was ist Psychotherapie? |
| 773 | 1 | 8 | |g year:2017 |g pages:27-45 |g extent:19 |a Was ist Psychotherapie? |
| 951 | |a AR | ||
| 992 | |a 20210118 | ||
| 993 | |a BookComponentPart | ||
| 994 | |a 2017 | ||
| 998 | |g 132328526 |a Herpertz, Sabine |m 132328526:Herpertz, Sabine |d 910000 |d 910600 |e 910000PH132328526 |e 910600PH132328526 |k 0/910000/ |k 1/910000/910600/ |p 2 | ||
| 999 | |a KXP-PPN879924721 |e 3838932714 | ||
| BIB | |a Y | ||
| JSO | |a {"physDesc":[{"extent":"19 S."}],"type":{"bibl":"chapter"},"origin":[{"dateIssuedDisp":"2017","dateIssuedKey":"2017"}],"person":[{"role":"aut","display":"Caspar, Franz","family":"Caspar","given":"Franz"},{"display":"Herpertz, Sabine","family":"Herpertz","given":"Sabine","role":"aut"},{"role":"aut","family":"Lieb","given":"Klaus","display":"Lieb, Klaus"}],"recId":"879924721","title":[{"title":"Was ist Psychotherapie?","title_sort":"Was ist Psychotherapie?"}],"note":["Literaturangaben"],"id":{"eki":["879924721"]},"language":["ger"],"name":{"displayForm":["Franz Caspar, Sabine C. Herpertz und Klaus Lieb"]},"relHost":[{"language":["ger"],"id":{"isbn":["9783437237317","3437237314"],"eki":["859106160"]},"note":["Auf dem Umschlag: + psychotherapie-welt.de. - Elsevier, Urban & Fischer","Literaturangaben. - Aufsätze erfasst"],"recId":"859106160","part":{"year":"2017","text":"(2017), Seite 27-45","extent":"19","pages":"27-45"},"disp":"Was ist Psychotherapie?Psychotherapie","type":{"bibl":"edited-book"},"name":{"displayForm":["Sabine Herpertz, Franz Caspar, Klaus Lieb (Hrsg.) ; weitere Autoren: Volker Arolt (Münster), Steffen Moritz (Hamburg) [und 64 andere]"]},"corporate":[{"role":"pbl","display":"Urban & Fischer Verlag"}],"title":[{"title_sort":"Psychotherapie","subtitle":"Funktions- und störungsorientiertes Vorgehen","title":"Psychotherapie"}],"person":[{"family":"Herpertz","given":"Sabine","display":"Herpertz, Sabine","role":"edt"},{"family":"Caspar","given":"Franz","display":"Caspar, Franz","role":"edt"},{"role":"edt","display":"Lieb, Klaus","family":"Lieb","given":"Klaus"},{"family":"Arolt","given":"Volker","display":"Arolt, Volker","role":"aut"},{"role":"aut","display":"Moritz, Steffen","family":"Moritz","given":"Steffen"}],"origin":[{"publisher":"Elsevier","dateIssuedDisp":"2017","edition":"1. Auflage","dateIssuedKey":"2017","editionNo":"1","publisherPlace":"München"}],"physDesc":[{"noteIll":"Illustrationen, Diagramme","extent":"XIX, 698 Seiten","noteFormat":"27 cm x 21 cm"}]}]} | ||
| SRT | |a CASPARFRANWASISTPSYC2017 | ||